Recopilación de textos

Gardado en:
Detalles Bibliográficos
Autor Principal: Palacio, Pablo
Formato: Libro
Idioma:Undetermined
Publicado: La Habana, Cuba Casa de las Américas 1987
Materias:
Etiquetas: Engadir etiqueta
Sen Etiquetas, Sexa o primeiro en etiquetar este rexistro!

MARC

LEADER 00000nam a2200000Ia 4500
008 170316s9999 xx 000 0 und d
040 |a cru BVZT 
090 |a 860 P-3r 
100 |a Palacio, Pablo 
245 |a Recopilación de textos 
260 |a La Habana, Cuba 
260 |b Casa de las Américas 
260 |c 1987 
300 |a 474 páginas 
650 |a LITERATURA LATINOAMERICANA 
999 |c 9103  |d 9103 
942 |c 15 D  |h 860 P-3r  |2 z